000 00303nam a22001337a 4500
008 170621b xxu||||| |||| 00| 0 eng d
020 _a0195081919
041 _aeng
080 _a32
100 _a20
101 _aSHP
245 _aTHE POLITICS OF REGULATORY CHANGE
_cHARRIS.R.A
942 _2udc
_cBK
999 _c18404
_d18404